000 00810nam a2200217Ia 4500
001 11273
003 GE_BSU
008 181216s||||||||xx |||||||||||||| ||und||
040 _cGE_BSU
080 _a663.8
100 _aსხირტლაძე შ.
245 _aხილკენკროვანი წვენებისა და ღვინოების ტექნოლოგია
245 _cრედ: ელ.ფიფია
260 _aთბილისი.
260 _bგანათლება.
260 _c1977
300 _a408გვ.22სმ.
300 _eდანართი ნგვ. 362 ილ.
653 _aხილკენკროვანი წვენებისა და ღვინოების ტექნოლოგია
942 _cBK
999 _c44475
_d44475